Similar Pokémon Names - Statistics

General Stats
  • This quiz has been taken 65 times
    64 since last reset
  • The average score is 8 of 30
Answer Stats
Pokémon 1 Transformation Pokémon 2 % Correct
Raikou Change 2 Raichu
67%
Simisage Change 3 Simisear
60%
Muk Change 2 Mew
55%
Golett Change 1, Remove 1 Golem
50%
Seaking Change 1 Slaking
48%
Volcarona Change 1, Add 1, Remove 1 Volcanion
43%
Grotle Change 1, Add 1 Grovyle
40%
Tyrantrum Remove 2, Add 2 Tyranitar
40%
Electrike Change 2 Electrode
38%
Gogoat Change 2 Golbat
36%
Wooloo Change 3 Wooper, Woobat
33%
Goomy Add 1, Remove 1 Gloom
31%
Goldeen Change 3 Golduck
31%
Axew Remove 1, Change 1 Mew
31%
Staryu Change 2 Starly
31%
Arbok Remove 1, Change 1 Aron
24%
Litleo Change 2 Litten
24%
Yanma Remove 1, Add 2 Yamask
24%
Palpitoad Change 2, Remove 1 Politoed
19%
Gyarados Remove 2, Add 1 Ariados
17%
Rowlet Change 2, Add 1 Rufflet
17%
Shieldon Remove 1, Change 1 Shelgon
14%
Lapras Change 2 Latias
12%
Lugia Change 2 Luxio
12%
Vivillon Change 3 Virizion
10%
Swinub Change 3 Swanna
7%
Coalossal Change 2, Add 1, Remove 1 Palossand
5%
Snover Change 2, Remove 1 Snivy
5%
Giratina Change 2, Remove 1 Dratini
2%
Swadloon Change 1, Remove 2 Swalot
2%
No matching quizzes found
Score Distribution
Percent of People with Each Score
Percentile by Number Answered
Your Score History
You have not taken this quiz since the last reset